|
|
|
|
| LEADER |
00000nab a2200000 a 4500 |
| 001 |
vtls011115593 |
| 003 |
SK-MaSNL |
| 005 |
20260303142755.0 |
| 008 |
230222|2001 xo |||||||||||||||||ger| |
| 015 |
|
|
|a SNBRB
|
| 035 |
|
|
|a (uuid)38bdab7b-250e-4118-a38a-a017a3071334
|
| 035 |
|
|
|a (urnnbn)urn:nbn:sk:snk:ar-a08k4v
|
| 035 |
|
|
|a urn:nbn:sk:snk-ab9mce
|
| 040 |
|
|
|a SNKBUCL
|b slo
|c SNKBUCL
|e AACR2
|
| 041 |
0 |
|
|a ger
|
| 044 |
|
|
|a xo
|c SK
|
| 100 |
1 |
|
|a Kuľka, Jozef,
|d 1967-
|4 aut
|9 210847
|
| 245 |
1 |
0 |
|a EXPERIMENTELLE UND THEORETISCHE FESTLEGUNG DER DYNAMISCHEN KOEFIZIENTEN DER HEBEZEUGEN UND FÖRDERMITTELN
|c Jozef Kuľka, Juraj Ritók, Peter Bigoš
|
| 700 |
1 |
|
|a Ritók, Juraj,
|d 1966-
|4 aut
|9 221964
|
| 700 |
1 |
|
|a Bigoš, Peter,
|d 1949-
|4 aut
|9 105559
|
| 773 |
0 |
|
|t Acta Mechanica Slovaca
|g Roč. 5, č. 4 (2001), s. 59-64
|
| 958 |
|
|
|a OND
|
| 958 |
|
|
|a EUIPO
|
| 958 |
|
|
|a article13
|
| 999 |
|
|
|c 1986113
|d 1988043
|